000
00305nam a2200121Ia 4500
008
190216s9999||||xx |||||||||||||| ||und||
100
_a
Dhires Bhattacharyya
245
0
_a
Concise History Of The Indian Economy
260
_b
Prentice Hall India
_c
1979
300
_a
292p
650
_a
Economics
942
_c
BK
999
_c
9769
_d
9769